Stazioni della metropolitana di Roma - morte improvvisa - Statistics

Statistiche generali
  • Questo quiz è stato fatto 134 volte
  • Il punteggio medio è 12 su 26
Answers on the Grid
Answers color-coded by a green-red scale on the quiz's grid according to % correct below.
Aventino
Barberini
Battistini
Bernini
Bologna
Bolognetta
Cavour
Cinecittà
Cipro
Cola di Rienzo
Colli Albani
Colosseo
Dante
Finocchio
Flaminio
Garbatella
Gardenie
Garibaldi
Gianicolo
Giulio Cesare
Libia
Lodi
Lucio Sestio
Manzoni
Marconi
Mazzini
Monte Mario
Olimpico
Pantheon
Parioli
Pigneto
Piramide
Ponte Mammolo
Ponte Milvio
Quirinale
Repubblica
San Giovanni
Teano
Testaccio
Torre Spaccata
Tor Vergata
Trastevere
Valle Aurelia
Villa Borghese
 
Statistiche sulle risposte
Risposta % Corretto
Battistini
83%
Barberini
77%
Colosseo
73%
Cavour
72%
Bologna
68%
Cinecittà
63%
Cipro
55%
Garbatella
55%
Piramide
52%
Flaminio
50%
Repubblica
48%
Colli Albani
47%
Marconi
45%
San Giovanni
45%
Manzoni
43%
Libia
42%
Gardenie
37%
Ponte Mammolo
37%
Finocchio
35%
Lucio Sestio
35%
Lodi
33%
Torre Spaccata
32%
Valle Aurelia
32%
Pigneto
30%
Teano
28%
Bolognetta
25%
Nessun quiz corrispondente trovato
Distribuzione punteggi
Percentuale di utenti per punteggio
Percentile per numero di risposta
I tuoi punteggi nel tempo
Non hai fatto questo quiz